header

Parallel histories : (Record no. 140972)

MARC details
000 -LEADER
fixed length control field 02100nam a2200481 i 4500
001 - CONTROL NUMBER
control field ebr10799845
003 - CONTROL NUMBER IDENTIFIER
control field CaPaEBR
006 - FIXED-LENGTH DATA ELEMENTS--ADDITIONAL MATERIAL CHARACTERISTICS--GENERAL INFORMATION
fixed length control field m o d
007 - PHYSICAL DESCRIPTION FIXED FIELD--GENERAL INFORMATION
fixed length control field cr cn|||||||||
008 - FIXED-LENGTH DATA ELEMENTS--GENERAL INFORMATION
fixed length control field 130510t20132013lau ob 001 0 eng|d
020 ## - INTERNATIONAL STANDARD BOOK NUMBER
Cancelled/invalid ISBN 9780807154106 (pbk. : alk. paper)
International Standard Book Number 9780807154113 (e-book)
040 ## - CATALOGING SOURCE
Original cataloging agency CaPaEBR
Language of cataloging eng
Description conventions rda
-- pn
Transcribing agency CaPaEBR
035 ## - SYSTEM CONTROL NUMBER
System control number (OCoLC)862745841
043 ## - GEOGRAPHIC AREA CODE
Geographic area code e-sp---
050 14 - LIBRARY OF CONGRESS CALL NUMBER
Classification number DP104
Item number .A64 2013eb
082 04 - DEWEY DECIMAL CLASSIFICATION NUMBER
Classification number 305.6/970903
Edition number 23
100 1# - MAIN ENTRY--PERSONAL NAME
Personal name Amelang, James S.,
Dates associated with a name 1952-
245 10 - TITLE STATEMENT
Title Parallel histories :
Remainder of title Muslims and Jews in inquisitorial Spain /
Statement of responsibility, etc James S. Amelang.
264 #1 - PRODUCTION, PUBLICATION, DISTRIBUTION, MANUFACTURE, AND COPYRIGHT NOTICE
Place of production, publication, distribution, manufacture Baton Rouge :
Name of producer, publisher, distributor, manufacturer Louisiana State University Press,
Date of production, publication, distribution, manufacture, or copyright notice [2013]
Date of production, publication, distribution, manufacture, or copyright notice �2013
300 ## - PHYSICAL DESCRIPTION
Extent 1 online resource (222 pages)
336 ## - CONTENT TYPE
Content type term text
Source rdacontent
337 ## - MEDIA TYPE
Media type term computer
Source rdamedia
338 ## - CARRIER TYPE
Carrier type term online resource
Source rdacarrier
504 ## - BIBLIOGRAPHY, ETC. NOTE
Bibliography, etc Includes bibliographical references and index.
505 0# - FORMATTED CONTENTS NOTE
Formatted contents note part I. The Moriscos and the end of Muslim Spain -- part II. From Jews to Christians.
588 ## - SOURCE OF DESCRIPTION NOTE
Source of description note Description based on print version record.
590 ## - LOCAL NOTE (RLIN)
Local note Electronic reproduction. Palo Alto, Calif. : ebrary, 2013. Available via World Wide Web. Access may be limited to ebrary affiliated libraries.
650 #0 - SUBJECT ADDED ENTRY--TOPICAL TERM
Topical term or geographic name as entry element Moriscos
Geographic subdivision Spain
General subdivision History.
Topical term or geographic name as entry element Marranos
Geographic subdivision Spain
General subdivision History.
Topical term or geographic name as entry element Muslims
Geographic subdivision Spain
General subdivision History.
Topical term or geographic name as entry element Jews
Geographic subdivision Spain
General subdivision History.
Topical term or geographic name as entry element Religious tolerance
Geographic subdivision Spain
General subdivision History.
Topical term or geographic name as entry element Conversion
General subdivision Christianity
-- History.
651 #0 - SUBJECT ADDED ENTRY--GEOGRAPHIC NAME
Geographic name Spain
General subdivision History
Chronological subdivision House of Austria, 1516-1700.
Geographic name Spain
General subdivision History
Chronological subdivision Ferdinand and Isabella, 1479-1516.
Geographic name Spain
General subdivision Church history.
655 #0 - INDEX TERM--GENRE/FORM
Genre/form data or focus term Electronic books.
776 08 - ADDITIONAL PHYSICAL FORM ENTRY
Display text Print version:
Main entry heading Amelang, James S.
Title Parallel histories : Muslims and Jews in inquisitorial Spain.
Place, publisher, and date of publication Baton Rouge : Louisiana State University Press, [2013]
Physical description xi, 207 pages
International Standard Book Number 9780807154106
Record control number (DLC) 2013016065
797 2# - LOCAL ADDED ENTRY--CORPORATE NAME (RLIN)
Corporate name or jurisdiction name as entry element ebrary.
856 40 - ELECTRONIC LOCATION AND ACCESS
Uniform Resource Identifier <a href="http://site.ebrary.com/lib/rucke/Doc?id=10799845">http://site.ebrary.com/lib/rucke/Doc?id=10799845</a>
Public note An electronic book accessible through the World Wide Web; click to view

No items available.

© 2026 Rongo University
Contact us: librarian | system librarian | Rongo university